01009 2200337 4500001002100000005001500021035002000036007000300056008004100059020002200100082001000122084001600132100002600148245015600174250001400330260003900344300002300383500005500406990001300461990001300474990001300487990001900500990001900519990001900538990001900557990001900576990001900595990001900614990001900633990001900652INLIS00000000000589220201217024319 a0010-1220000284ta201217 g 0 ind  a978-602-313-139-6 a371.9 a371.9 RIN s0 aRINA ROUDHOTUL JANNAH1 a144 STRATEGI PEMBELAJARAN ANAK USIA DINI BERBASIS MULTIPLE INTELLIGENCES :bUsia emas adalah masa krusial bagi pendidikan anak /cRINA ROUDHOTUL JANNAH aCetakan I aYOGYAKARTA :bAR-RUZZ MEDIA,c2018 a418 ;c1`5 x 23 cm aUsia emas adalah masa krusial bagi pendidikan anak a62016201 a62016201 a62016201 a06203APBD06203 a06201APBD06201 a06202APBD06202 a06202APBD06202 a06201APBD06201 a06203APBD06203 a06201APBD06201 a06202APBD06202 a06203APBD06203